| 000 | 00387nam a2200145Ia 4500 | ||
|---|---|---|---|
| 008 | 230312s9999||||xx |||||||||||||| ||und|| | ||
| 020 | _a978-8020336582 | ||
| 082 |
_a621.317 _bSIV-P |
||
| 100 | _aSivanagaraju;S | ||
| 245 | 0 | _aPower Semiconductor Drives | |
| 260 |
_bPHI Learning Private Ltd _aIndia _c2013 |
||
| 300 | _a363 | ||
| 650 |
_aEngineering _vTechnical/Electrical |
||
| 942 | _cBK | ||
| 999 |
_c14049 _d14049 |
||